Mundell-Fleming criteria for optimum currency areas: the case of Slovakia

Analýza pripravenosti Slovenska pre vstup do Európskej menovej únie na základe medzinárodného faktoru mobility (pracovnej a kapitálovej).

Gespeichert in:
Bibliographische Detailangaben
1. Verfasser: Raguseo, Domenico
Weitere Verfasser: Šebo, Ján
Format: Buchkapitel
Sprache:Englisch
Schlagworte:
Tags: Tag hinzufügen
Keine Tags, Fügen Sie das erste Tag hinzu!

MARC

LEADER 00000naa$a2200000$$$4500
001 0094917
005 20231102114125.3
041 0 |a eng 
044 |a SK 
245 1 0 |a Mundell-Fleming criteria for optimum currency areas: the case of Slovakia  |c Domenico Raguseo, Ján Šebo 
520 |a Analýza pripravenosti Slovenska pre vstup do Európskej menovej únie na základe medzinárodného faktoru mobility (pracovnej a kapitálovej). 
610 2 0 |a výkonnosť ekonomiky 
610 2 0 |a zóny hospodárske zvláštne 
610 2 0 |a Európska menová únia 
610 2 0 |a kapitál 
610 2 0 |a pohyb kapitálu 
610 2 0 |a pohyb síl pracovných 
610 2 0 |a Slovensko 
100 1 |a Raguseo, Domenico 
700 1 |a Šebo, Ján